| 000 | 01692nam a22003857a 4500 | ||
|---|---|---|---|
| 111 | 2 |
_9119114 _aUluslararası Anadolu Kaligrafi ve Tipografi Etkinliği _n(9. : _d2017 : _cEskişehir, Türkiye) |
|
| 999 |
_c200429057 _d46981 |
||
| 001 | 200429057 | ||
| 003 | TR-AnTOB | ||
| 005 | 20191108152205.0 | ||
| 007 | ta | ||
| 008 | 180305s2017 tu ||||g |||| 00| 0 tur d | ||
| 020 | _a9789750622083 | ||
| 040 |
_aTR-AnTOB _beng _erda _cTR-AnTOB |
||
| 041 | 1 |
_atur _heng |
|
| 050 | 0 | 0 |
_aNK3639.T9 _bU48 2017 |
| 090 |
_aNK3639.T9 _bU48 2017 |
||
| 245 | 1 | 0 |
_a9. Uluslararası Anadolu Kaligrafi ve Tipografi Etkinliği : _bSergi "Yunus Emre", 6-17 Kasım 2017 = 9th International Anadolu Calligraphy & Typography Event : exhibition "Yunus Emre", 6-17 November 2017 / _cçeviri Aydan Siretli, Ziya Gökhan Apaydın. |
| 246 | 3 | 1 | _aExhibition "Yunus Emre" |
| 246 | 3 | 1 | _a9th International Anadolu Calligraphy & Typography Event |
| 246 | 3 | 0 | _aSergi "Yunus Emre" |
| 264 | 1 |
_aEskişehir : _bAnadolu Üniversitesi Güzel Sanatlar Fakültesi, _c2017. |
|
| 300 |
_a123 pages : _billustrations ; _c23x24 cm. |
||
| 336 |
_atext _2rdacontent |
||
| 337 |
_aunmediated _2rdamedia |
||
| 338 |
_avolume _2rdacarrier |
||
| 490 | 0 |
_aAnadolu Üniversitesi Yayınları ; _v3600 _aGüzel Sanatlar Fakültesi Yayınları ; _v93 |
|
| 650 | 7 |
_aHat sanatı _zTürkiye _vSergiler _eetuturkob _9119124 |
|
| 650 | 7 |
_aGraphic arts _zTurkey _vExhibitions _eetuesh _9105211 |
|
| 650 | 7 |
_aCalligraphy _zTurkey _vExhibitions _eetuesh _971274 |
|
| 650 | 7 |
_aGrafik sanatlar _zTürkiye _vSergiler _eetuturkob _9119120 |
|
| 700 | 1 |
_aSiretli, Aydan _etranslator _9119129 |
|
| 700 | 1 |
_aApaydın, Ziya Gökhan _etranslator _9119130 |
|
| 942 |
_2lcc _cBK |
||